The United Nations convention on the rights of the child (Record no. 19031)

MARC details
000 -LEADER
fixed length control field 00491nam a22001577a 4500
008 - FIXED-LENGTH DATA ELEMENTS--GENERAL INFORMATION
fixed length control field 210831b |||||||| |||| 00| 0 eng d
020 ## - INTERNATIONAL STANDARD BOOK NUMBER
International Standard Book Number 0198262657
050 ## - LIBRARY OF CONGRESS CALL NUMBER
Classification number K639
Item number .T44 2019 c.1
245 ## - TITLE STATEMENT
Title The United Nations convention on the rights of the child
Remainder of title a commentary
Statement of responsibility, etc. Edited by John Tobin
260 ## - PUBLICATION, DISTRIBUTION, ETC. (IMPRINT)
Place of publication, distribution, etc. Oxford
Name of publisher, distributor, etc. OUP
Date of publication, distribution, etc. 2019
300 ## - PHYSICAL DESCRIPTION
Extent xliv, 1823p.
650 ## - SUBJECT ADDED ENTRY--TOPICAL TERM
Topical term or geographic name as entry element Children
Form subdivision legal status
650 ## - SUBJECT ADDED ENTRY--TOPICAL TERM
Topical term or geographic name as entry element Children
Form subdivision international law
650 ## - SUBJECT ADDED ENTRY--TOPICAL TERM
Topical term or geographic name as entry element Children's rights
942 ## - ADDED ENTRY ELEMENTS (KOHA)
Source of classification or shelving scheme Library of Congress Classification
Koha item type General Collection
Holdings
Withdrawn status Lost status Source of classification or shelving scheme Not for loan Home library Current library Date acquired Cost, normal purchase price Total Checkouts Total Renewals Full call number Barcode Date last seen Date last checked out Price effective from Koha item type
    Library of Congress Classification   Kabarak, Main Campus Kabarak, Main Campus 31/08/2021 43178.00 2 1 K639 .T44 2019 c.1 029744 04/11/2024 18/10/2024 31/08/2021 General Collection
Designed with assistance from East African Informatics Ltd